Metamorfoses da questâo democrática: governabilidade e pobreza /

Furkejuvvon:
Bibliográfalaš dieđut
Váldodahkki: Leal Ivo, Anete Brito
Searvvušdahkkit: CLACSO, ASDI
Materiálatiipa: Texto
Almmustuhtton: Buenos Aires: CLACSO
Fáttát:
Fáddágilkorat: Lasit fáddágilkoriid
Eai fáddágilkorat, Lasit vuosttaš fáddágilkora!

MARC

LEADER 00000 a a2200000 04500
001 26668
003
040
090 |a 149301  
100 |a Leal Ivo, Anete Brito  
110 |a CLACSO  
245 |a Metamorfoses da questâo democrática: governabilidade e pobreza /  |c CLACSO  
260 |a Buenos Aires:   |b CLACSO  
300 |a 205 p.  
500 |a Disponible en Cd, en No 194115  
650 |a GOBERNABILIDAD  
650 |a PARTICIPACION SOCIAL  
650 |a DESCENTRALIZACION  
650 |a ALIVIO DE LA POBREZA  
650 |a CENTRALIZACION  
650 |a DISTRIBUCION DEL INGRESO  
650 |a POLITICA URBANA  
650 |a SOCIEDAD CIVIL  
710 |a ASDI  
999 |c 11850  |d 11850